[Event "ITA-ch 82nd"]
[Site "Brescia"]
[Date "2023.11.30"]
[Round "3"]
[White "Lumachi, Gabriele"]
[Black "Basso, Pier Luigi"]
[Result "1/2-1/2"]
[WhiteElo "2395"]
[BlackElo "2483"]
[PlyCount "85"]
[EventDate "2023.11.28"]
[EventType "tourn"]
[EventRounds "11"]
[EventCountry "ITA"]
[EventCategory "9"]
[SourceTitle "CB50_2023"]
[SourceDate "2023.12.13"]
[SourceVersion "1"]
[SourceVersionDate "2023.12.13"]
[SourceQuality "1"]

1. d4 d5 2. c4 c6 3. Nc3 Nf6 4. Nf3 dxc4 5. a4 Bf5 6. Nh4 e6 7. Nxf5 exf5 8. e3 Bd6 9. Bxc4 0-0 10. Qf3 Qd7 11. h3 Na6 12. Bd3 g6 13. g4 Nb4 14. Bb1 c5 15. gxf5 cxd4 16. exd4 Nc6 17. Be3 Bb4 18. fxg6 fxg6 19. Ba2+ Kg7 20. 0-0-0 Bxc3 21. bxc3 Rac8 22. Kb2 Na5 23. d5 b5 24. Bd4 Nc4+ 25. Ka1 Qd6 26. axb5 Kg8 27. Rhe1 Qa3 28. Re2 Rce8 29. d6 Kg7 30. d7 Rd8 31. Qc6 Nb6 32. Be5 Rf7 33. Bd6 Qa5 34. Bb4 Qa4 35. Red2 Rfxd7 36. Rxd7+ Rxd7 37. Rxd7+ Nbxd7 38. Kb2 Qd1 39. Be6 Qd2+ 40. Kb3 Qd1+ 41. Kb2 Qd2+ 42. Kb3 Qd1+ 43. Kb2 1/2-1/2

[Event "Wch U20 Blitz"]
[Site "Pula"]
[Date "2023.10.14"]
[Round "2"]
[White "Lumachi, Gabriele"]
[Black "Sadhwani, Raunak"]
[Result "1/2-1/2"]
[WhiteElo "2399"]
[BlackElo "2641"]
[PlyCount "70"]
[EventDate "2023.10.14"]
[EventType "swiss (blitz)"]
[EventRounds "11"]
[EventCountry "ITA"]
[SourceTitle "Mega2024 Update 01"]
[Source "Chessbase"]
[SourceDate "2023.11.12"]
[SourceVersion "1"]
[SourceVersionDate "2023.11.12"]
[SourceQuality "1"]

1. d4 d6 2. e4 g6 3. Nc3 Bg7 4. Be3 c6 5. Qd2 b5 6. f3 Nd7 7. h4 h6 8. Nh3 Nb6 9. Nf2 a5 10. Bd3 Nf6 11. g4 Nfd7 12. Ne2 e5 13. c3 d5 14. h5 g5 15. Ng3 0-0 16. 0-0 exd4 17. cxd4 Nc4 18. Bxc4 bxc4 19. e5 f6 20. f4 gxf4 21. Bxf4 fxe5 22. Bxh6 exd4 23. Bxg7 Kxg7 24. Nf5+ Rxf5 25. gxf5 Ne5 26. Qf4 Nf7 27. Qxd4+ Qf6 28. Qxf6+ Kxf6 29. Rae1 Ne5 30. Rxe5 Kxe5 31. Ng4+ Ke4 32. Nf6+ Ke5 33. Ng4+ Ke4 34. Nf6+ Ke5 35. Ng4+ Ke4 1/2-1/2

[Event "Wch U20 60th"]
[Site "Mexico City"]
[Date "2023.09.22"]
[Round "3"]
[White "Lumachi, Gabriele"]
[Black "Varela Velazquez, Carlos Francisco"]
[Result "1-0"]
[WhiteElo "2399"]
[BlackElo "1943"]
[PlyCount "91"]
[EventDate "2023.09.21"]
[EventType "swiss"]
[EventRounds "11"]
[EventCountry "MEX"]
[SourceTitle "EXT 2024"]
[Source "ChessBase"]
[SourceDate "2023.10.10"]
[SourceVersion "1"]
[SourceVersionDate "2023.10.10"]
[SourceQuality "1"]

1. c4 Nf6 2. Nc3 e5 3. Nf3 Nc6 4. e4 Bb4 5. d3 d6 6. a3 Bxc3+ 7. bxc3 h6 8. g3 Be6 9. Rb1 Rb8 10. Bg2 Qd7 11. 0-0 g5 12. h4 Nh7 13. hxg5 hxg5 14. Bxg5 Nxg5 15. Nxg5 Ke7 16. Qf3 b6 17. Qe3 Rbg8 18. f4 f6 19. Nxe6 Qxe6 20. f5 Qc8 21. Kf2 Qa6 22. Qc1 Nd8 23. Qb2 Nb7 24. Rbd1 Nc5 25. d4 Nb7 26. Qa2 c5 27. dxe5 dxe5 28. Rh1 Qa4 29. Qd2 Qc6 30. Qd5 Qxd5 31. cxd5 Nd6 32. a4 Nc4 33. Ra1 Nd6 34. Bf3 Nf7 35. Rh4 Rxh4 36. gxh4 Nh6 37. Rh1 Kd6 38. Bh5 Rb8 39. Rg1 Rg8 40. Rg6 Rxg6 41. fxg6 a6 42. g7 b5 43. axb5 axb5 44. Bf7 b4 45. cxb4 cxb4 46. Ke2 1-0

[Event "Treviso Master op 4th"]
[Site "Treviso"]
[Date "2023.04.01"]
[Round "3"]
[White "Korneev, Oleg"]
[Black "Lumachi, Gabriele"]
[Result "1/2-1/2"]
[WhiteElo "2476"]
[BlackElo "2360"]
[PlyCount "23"]
[EventDate "2023.03.31"]
[EventType "swiss"]
[EventRounds "5"]
[EventCountry "ITA"]
[SourceTitle "EXT 2024"]
[Source "ChessBase"]
[SourceDate "2023.10.10"]
[SourceVersion "1"]
[SourceVersionDate "2023.10.10"]
[SourceQuality "1"]

1. e4 e5 2. Nf3 Nf6 3. d4 Nxe4 4. Bd3 Nc6 5. 0-0 d5 6. dxe5 Bg4 7. Nc3 Nxc3 8. bxc3 Bc5 9. Re1 0-0 10. Rb1 f6 11. e6 Qd6 12. Rxb7 1/2-1/2

[Event "Lienz op 21st"]
[Site "Lienz"]
[Date "2023.02.12"]
[Round "2"]
[White "Lumachi, Gabriele"]
[Black "Vergeiner, Franz"]
[Result "1-0"]
[WhiteElo "2375"]
[BlackElo "2035"]
[PlyCount "39"]
[EventDate "2023.02.11"]
[EventType "swiss"]
[EventRounds "9"]
[EventCountry "AUT"]
[SourceTitle "CBM 212 Extra"]
[Source "ChessBase"]
[SourceDate "2023.03.31"]
[SourceVersion "1"]
[SourceVersionDate "2023.03.31"]
[SourceQuality "1"]

1. e4 c6 2. c4 d5 3. cxd5 cxd5 4. exd5 Qxd5 5. Nc3 Qd8 6. Nf3 Nf6 7. Bc4 e6 8. 0-0 Be7 9. d4 0-0 10. Re1 a6 11. Ne5 Nc6 12. Nxc6 bxc6 13. Bg5 Ra7 14. Qe2 h6 15. Bf4 Bd6 16. Be5 a5 17. Rac1 Re8 18. Na4 Nd5 19. Nc5 Bf8 20. a3 1-0

[Event "Basel Christmas op"]
[Site "Basel"]
[Date "2022.12.28"]
[Round "5"]
[White "Farokhi, Keyvan"]
[Black "Lumachi, Gabriele"]
[Result "1/2-1/2"]
[WhiteElo "2202"]
[BlackElo "2399"]
[PlyCount "49"]
[EventDate "2022.12.26"]
[EventType "swiss"]
[EventRounds "9"]
[EventCountry "SUI"]
[SourceTitle "EXT 2024"]
[Source "ChessBase"]
[SourceDate "2023.10.10"]
[SourceVersion "1"]
[SourceVersionDate "2023.10.10"]
[SourceQuality "1"]

1. d4 Nf6 2. c4 e6 3. Nf3 d5 4. g3 h6 5. Bg2 Bd6 6. 0-0 0-0 7. Qc2 b6 8. Rd1 Bb7 9. b3 Nbd7 10. cxd5 exd5 11. Ba3 Rc8 12. Bxd6 cxd6 13. Qb2 Ne4 14. Rc1 Rxc1+ 15. Qxc1 Ba6 16. Nc3 Ndf6 17. e3 Qd7 18. Qa3 Nxc3 19. Qxa6 Qf5 20. Qxa7 Qc2 21. Qxb6 Nd1 22. Qb4 Ne4 23. Qe1 Ndxf2 24. Qc1 Qe2 25. Qe1 1/2-1/2

[Event "Basel Christmas op"]
[Site "Basel"]
[Date "2022.12.28"]
[Round "4"]
[White "Lumachi, Gabriele"]
[Black "Bogner, Sebastian"]
[Result "1/2-1/2"]
[WhiteElo "2399"]
[BlackElo "2543"]
[PlyCount "65"]
[EventDate "2022.12.26"]
[EventType "swiss"]
[EventRounds "9"]
[EventCountry "SUI"]
[SourceTitle "EXT 2024"]
[Source "ChessBase"]
[SourceDate "2023.10.10"]
[SourceVersion "1"]
[SourceVersionDate "2023.10.10"]
[SourceQuality "1"]

1. d4 Nf6 2. c4 e6 3. Nf3 d5 4. Nc3 Bb4 5. Bg5 dxc4 6. e4 b5 7. a4 c5 8. axb5 cxd4 9. Bxf6 Qxf6 10. Qxd4 Qxd4 11. Nxd4 Bc5 12. Nc2 Nd7 13. Na3 Ne5 14. Nxc4 Nxc4 15. Bxc4 Bb7 16. Ke2 0-0-0 17. Rhd1 g5 18. f3 h5 19. Rxd8+ Rxd8 20. Rd1 Rxd1 21. Nxd1 Bg1 22. h4 gxh4 23. Nf2 Kc7 24. Nh3 Bd4 25. Ng5 Bxb2 26. Nxf7 e5 27. Nh6 Bc1 28. Nf5 Bg5 29. Be6 Kb6 30. Bd7 Kc5 31. Kf2 Kb6 32. Ke2 Kc5 33. Kf2 1/2-1/2